Najgorsze reprezentacje które zagrały w Mundialu - Statystyki

Ogólne statystyki
  • Ten quiz został rozwiązany 327 razy
  • Średni wynik to 11 z 20
Statystyki odpowiedzi
Kontynent
Ranking FIFY
Reprezentacja % Poprawnych
Oceania 94 Nowa Zelandia
76%
Azja 110 Korea Północna
74%
Ameryka Północna 85 Haiti
72%
Azja 87 Chiny
66%
Ameryka Północna 167 Kuba
66%
Ameryka Północna 79 Honduras
63%
Ameryka Północna 100 Trynidad i Tobago
62%
Ameryka Południowa 89 Boliwia
60%
Azja/Oceania 133 Indonezja
56%
Ameryka Północna 81 Salwador
52%
Europa 75 Bośnia i Hercegowina
51%
Europa 82 Bułgaria
51%
Europa 71 Islandia
51%
Afryka 120 Togo
43%
Afryka 64 Ghana
39%
Afryka 90 Angola
38%
Europa 74 Irlandia Północna
36%
Azja 69 Zjednoczone Emiraty Arabskie
36%
Azja 78 Izrael
33%
Azja 136 Kuwejt
31%
Nie znaleziono quizów pasujących do podanych kryteriów
Rozkład punktacji
Procent ludzi z każdym wynikiem
Percentyl według liczby udzielonych odpowiedzi
Twoja historia wyników
Nie rozwiązałeś tego quizu